Statistiques concernant Top 15 des pays avec les décès de Covid-19 - 14 juillet 2021

Cliquez ici pour prendre le quiz!

Statistiques générales

  • Ce quiz a été pris 33 fois
  • Le résultat moyen est 13 sur 24

Statistiques - réponses

pays% Correct
France
100%
Etats-Unis
97%
Espagne
90%
Royaume-Uni
90%
Brésil
87%
Allemagne
81%
Inde
81%
Italie
81%
Russie
77%
Mexique
71%
Argentine
68%
Pologne
45%
Belgique
42%
Iran
39%
Colombie
35%
Pérou
35%
Hongrie
26%
Slovaquie
26%
Slovénie
26%
Croatie
23%
Bosnie-Herzégovine
19%
Bulgarie
19%
Macédoine du Nord
16%
Tchèquie
16%

Distribution des résultats

Percentile par nombre de réponses

% des personnes avec chaque résultat

Votre développement - résultats

Vous n’avez pas pris ce quiz